جنو بی ہند ميں ا ر د و صحا فت (Record no. 182891)
[ view plain ]
| 000 -LEADER | |
|---|---|
| fixed length control field | 00708nam a22001937a 4500 |
| 005 - DATE AND TIME OF LATEST TRANSACTION | |
| control field | 20211209110932.0 |
| 010 ## - LCCN (DPL NO) | |
| LC control number | UR-11362 |
| 020 ## - INTERNATIONAL STANDARD BOOK NUMBER | |
| Terms of availability | 100.00 |
| International Standard Book Number | - |
| 035 ## - SYSTEM CONTROL NUMBER | |
| System control number | U-9917 |
| 037 ## - SOURCE OF ACQUISITION | |
| Source of stock number/acquisition | DBAD/PUB |
| 082 ## - DEWEY DECIMAL CLASSIFICATION NUMBER | |
| Classification number | 070.4 |
| 100 ## - MAIN ENTRY--PERSONAL NAME | |
| Personal name | محمد ا فضل ا لد ين ا قبا ل |
| 245 ## - TITLE STATEMENT | |
| Title | جنو بی ہند ميں ا ر د و صحا فت |
| Statement of responsibility, etc | محمد ا فضل ا لد ين ا قبا ل |
| 246 ## - VARYING FORM OF TITLE | |
| Title proper/short title | Junubi Hind mein Urdu Sahafat (Urdu) |
| Remainder of title | by Mohd.Afzaluddin Iqbal |
| 260 ## - PUBLICATION, DISTRIBUTION, ETC. (IMPRINT) | |
| Place of publication, distribution, etc | Hyderabad |
| Date of publication, distribution, etc | 2012 ء |
| Name of publisher, distributor, etc | Yousuf Sharfuddin Adabi -o-Mazhabi Trust |
| 270 ## - ADDRESS | |
| Address | 11-3-855,New Mallepally , |
| City | Hyderabad(A.P.) |
| Postal code | 500001 |
| Fax number | - |
| 300 ## - PHYSICAL DESCRIPTION | |
| Extent | 109 ص |
| Dimensions | 22 Cm(Hb) |
| 942 ## - ADDED ENTRY ELEMENTS (KOHA) | |
| Source of classification or shelving scheme | Dewey Decimal Classification |
| Item type | Urdu Bks |
| Classification part | 070.4 |
| Call number suffix | م ح م |
| Withdrawn status | Lost status | Not for loan | Collection code | Home library | Current library | Date acquired | Source of acquisition | Cost, normal purchase price | Full call number | Barcode | Copy number | Cost, replacement price | Koha item type |
|---|---|---|---|---|---|---|---|---|---|---|---|---|---|
| Not For Loan | Non-fiction | D.B.Act.Division | Central Library | 09/12/2021 | DBAD/PUB | 100.00 | 070.4 م ح م | U-9917 | 1 | 100.00 | Urdu Bks |
